France ki Lakshmibai devi Joan (Record no. 48196)

MARC details
000 -LEADER
fixed length control field 00389nam a2200157Ia 4500
008 - FIXED-LENGTH DATA ELEMENTS--GENERAL INFORMATION
fixed length control field 230917s9999||||xx |||||||||||||| ||und||
020 ## - ISBN
Price RS3
040 ## - CATALOGING SOURCE
-- 33262
Original cataloging agency VIVEKANANDA LIBRARY
041 ## - Language
-- English
082 ## - DDC NUMBER
Classification number B J572D
100 ## - MAIN ENTRY--PERSONAL NAME
Personal name Verma, Surendra Kumar
245 #0 - TITLE STATEMENT
Title France ki Lakshmibai devi Joan
260 ## - PUBLICATION, DISTRIBUTION, ETC. (IMPRINT)
Place of publication, distribution, etc Allahabad
Name of publisher, distributor, etc Adarsh Hindi Pustakalaya
Date of publication, distribution, etc 1958
300 ## - PHYSICAL DESCRIPTION
Pages 182 p.
942 ## - ADDED ENTRY ELEMENTS (KOHA)
Koha item type Books
Holdings
Withdrawn status Lost status Damaged status Not for loan Location (home branch) Sublocation or collection (holding branch) Date acquired Koha issues (times borrowed) Koha full call number Accession No. Koha date last seen Koha item type
        VIVEKANANDA LIBRARY VIVEKANANDA LIBRARY 28/08/2002   B J572D 11562 17/09/2023 Books
© Designed and Maintained by Vivekananda Library, MDU Rohtak